|
|
|
|
| LEADER |
00000cam a22000004a 4500 |
| 001 |
musev2_20110 |
| 003 |
MdBmJHUP |
| 005 |
20230905042143.0 |
| 006 |
m o d |
| 007 |
cr||||||||nn|n |
| 008 |
080204s2008 quc o 00 0 fre d |
| 020 |
|
|
|a 9782760519770
|
| 020 |
|
|
|z 9782760515482
|
| 035 |
|
|
|a (OCoLC)311307727
|
| 040 |
|
|
|a MdBmJHUP
|c MdBmJHUP
|
| 245 |
0 |
4 |
|a Les services de garde éducatifs à la petite enfance du Québec :
|b Recherches, réflexions et pratiques /
|c sous la direction de Nathalie Bigras et Gilles Cantin ; avant-propos de Pauline Marois ; postface de Genevieve Issalys.
|
| 264 |
|
1 |
|a Quebec [Que.] :
|b Presses de l'Universite du Quebec,
|c 2008.
|
| 264 |
|
3 |
|a Baltimore, Md. :
|b Project MUSE,
|c 2013
|
| 264 |
|
4 |
|c ©2008.
|
| 300 |
|
|
|a 1 online resource (258 pages):
|b illustrations, cartes.
|
| 336 |
|
|
|a text
|b txt
|2 rdacontent
|
| 337 |
|
|
|a computer
|b c
|2 rdamedia
|
| 338 |
|
|
|a online resource
|b cr
|2 rdacarrier
|
| 490 |
0 |
|
|a Collection Éducation à la petite enfance
|
| 500 |
|
|
|a Textes presentes lors d'un colloque tenu en mai 2007 à Trois-Rivieres dans le cadre du 75e Congres de l'ACFAS.
|
| 505 |
0 |
|
|a ""Remerciements""; ""Avant-propos_L'adoption d'une politique familiale au QuÃbec""; ""Table des matiÃ?res""; ""Figures et tableaux""; ""Introduction""; ""Partie 1_Le macro- et l'exosystÃ?me""; ""Chapitre 1_Les politiques familiales et l'articulation emploi-famille au QuÃbec et au Canada""; ""Chapitre 2_BÃnÃfices et coÃ"ts des centres de la petite enfance du QuÃbec""; ""Partie 2_Le mÃsosystÃ?me""; ""Chapitre 3_Un cadre de rÃfÃrence pour les relations parents-Ãducatrices en services de garde Ãducatifs""; ""Chapitre 4_Le projet CAPE""
|
| 505 |
0 |
|
|a ""Chapitre 5_Accessibilità et utilisation des ressources à la petite enfance par les familles en milieux dÃfavorisÃs""""Chapitre 6_L'organisation des milieux de garde quÃbÃcois""; ""Partie 3_Le microsystÃ?me""; ""Chapitre 7_Les dÃfis du travail dans un service de garde en contexte de vulnÃrabilitÃ""; ""Chapitre 8_Attachement et services de garde""; ""Chapitre 9_Les CPE, des milieux clÃs pour le dÃveloppement social des jeunes enfants""; ""Chapitre 10_Le stress chez les enfants en milieux de garde""
|
| 505 |
0 |
|
|a ""Chapitre 11_Vocabulaire des enfants ÃOgÃs de 8 Ã 30 mois qui frÃquentent un service de garde structurÃ""""Chapitre 12_L'importance de soutenir le langage et la littÃratie prÃcoce chez les enfants en services de garde Ãducatifs""; ""Bilan et prospectives""; ""Postface""; ""Notices biographiques""
|
| 588 |
|
|
|a Description based on print version record.
|
| 650 |
|
7 |
|a Education, Preschool.
|2 fast
|0 (OCoLC)fst00903161
|
| 650 |
|
7 |
|a Early childhood education.
|2 fast
|0 (OCoLC)fst00900596
|
| 650 |
|
7 |
|a Day care centers.
|2 fast
|0 (OCoLC)fst00888196
|
| 650 |
|
7 |
|a Child development.
|2 fast
|0 (OCoLC)fst00854393
|
| 650 |
|
7 |
|a EDUCATION / General
|2 bisacsh
|
| 650 |
|
7 |
|a POLITICAL SCIENCE
|x Public Policy
|x Social Security.
|2 bisacsh
|
| 650 |
|
7 |
|a POLITICAL SCIENCE
|x Public Policy
|x Social Services & Welfare.
|2 bisacsh
|
| 650 |
|
6 |
|a Enfants
|x Developpement
|v Congres.
|
| 650 |
|
6 |
|a Éducation de la premiere enfance
|z Quebec (Province)
|v Congres.
|
| 650 |
|
6 |
|a Éducation prescolaire
|z Quebec (Province)
|v Congres.
|
| 650 |
|
6 |
|a Garderies
|z Quebec (Province)
|v Congres.
|
| 650 |
|
0 |
|a Early childhood education
|z Quebec (Province)
|v Congresses.
|
| 650 |
|
0 |
|a Education, Preschool
|z Quebec (Province)
|v Congresses.
|
| 650 |
|
0 |
|a Day care centers
|z Quebec (Province)
|v Congresses.
|
| 650 |
|
0 |
|a Child development
|v Congresses.
|
| 651 |
|
7 |
|a Quebec.
|2 fast
|0 (OCoLC)fst01207316
|
| 655 |
|
7 |
|a Conference papers and proceedings.
|2 fast
|0 (OCoLC)fst01423772
|
| 655 |
|
6 |
|a Livres electronique.
|
| 655 |
|
7 |
|a Electronic books.
|2 local
|
| 700 |
1 |
|
|a Cantin, Gilles.
|
| 700 |
1 |
|
|a Bigras, Nathalie,
|d 1964-
|
| 711 |
2 |
|
|a Congres de l'Acfas
|n (75th :
|d 2007 :
|c Universite du Quebec à Trois-Rivieres)
|
| 710 |
2 |
|
|a Project Muse.
|e distributor
|
| 830 |
|
0 |
|a Book collections on Project MUSE.
|
| 856 |
4 |
0 |
|z Texto completo
|u https://projectmuse.uam.elogim.com/book/20110/
|
| 945 |
|
|
|a Project MUSE - Custom Collection
|
| 945 |
|
|
|a Project MUSE - Archive Complete Supplement
|
| 945 |
|
|
|a Project MUSE - Archive Political Science and Policy Studies Supplement
|